La interpretación administrativa en el derecho chileno

Salvato in:
Dettagli Bibliografici
Autore principale: Guzmán Brito, Alejandro Ángel (autor)
Natura: Libro
Lingua:spagnolo
Pubblicazione: Santiago Legal Publishing 2014
Edizione:1a. ed
Serie:Colección Ensayos Jurídicos
Soggetti:
Tags: Aggiungi Tag
Nessun Tag, puoi essere il primo ad aggiungerne!!

MARC

LEADER 00000cam a2200000 a 4500
001 UCE2184
003 CL-VaPUC
008 140612e20140000cl |||||||||||||||||spa|d
020 |a 9789563464825 
082 0 4 |a 340.1  |b GUZ  |2 21 
100 |a Guzmán Brito, Alejandro Ángel  |e autor  |9 388 
245 1 3 |a La interpretación administrativa en el derecho chileno 
250 |a 1a. ed 
300 |a 235 p 
942 |c BK 
945 |d 20140612 14:08:00  |a dcastane 
260 |a Santiago  |b Legal Publishing  |c 2014 
650 0 |a Interpretación de la ley  |9 257376 
650 0 |a Filosofía del derecho   |9 255050 
650 0 |a Teoría del derecho  |9 255982 
583 |a last modification  |c 20150415 10:09:47  |k Rodrigo Vera 
490 0 |a Colección Ensayos Jurídicos 
999 |c 355846  |d 355844 
952 |0 0  |1 0  |3 erb  |4 0  |6 340_100000000000000_GUZ_2014  |7 0  |8 A  |9 462738  |a BIBDER  |b BIBDER  |i 5083338  |l 3  |m 2  |o 340.1 GUZ 2014  |p 5083338  |r 2023-01-25  |s 2022-10-27  |w 2019-11-23  |y BK  |z Catalogado en:20140612  |k DER 
952 |0 0  |1 0  |3 erb  |4 0  |6 340_100000000000000_GUZ_2014  |7 0  |8 A  |9 462739  |a BIBDER  |b BIBDER  |i 5083362  |l 1  |m 3  |o 340.1 GUZ 2014  |p 5083362  |q 2025-12-31  |r 2020-03-12  |s 2020-03-12  |w 2019-11-23  |y BK  |z Catalogado en:20140612  |k DER 
952 |0 0  |1 0  |2 ddc  |3 erb  |4 0  |6 340_100000000000000_GUZ_2014  |7 1  |8 C_LRYV  |9 462740  |a BIBDER  |b BIBDER  |i 5083370  |o 340.1 GUZ 2014  |p 5083370  |r 2023-01-25  |w 2019-11-23  |y BK_X  |z Catalogado en:20140612  |k BRV 
952 |0 0  |1 0  |3 erb  |4 0  |6 340_100000000000000_GUZ_2014  |7 0  |8 A  |9 462741  |a BIBDER  |b BIBDER  |e Mateluna Arestizabal, Alfredo Sergio  |i 5489245  |l 4  |m 2  |o 340.1 GUZ 2014  |p 5489245  |r 2023-06-27  |s 2023-06-27  |w 2019-11-23  |y BK  |z Catalogado en:20181005  |k DER